Statistics for Countries that start with a vowel

Click here to take the quiz!

General Stats

  • This quiz has been taken 46 times
    (30 since last reset)
  • The average score is 29 of 35

Answer Stats

HintAnswer% Correct
iIceland
100%
uUnited Arab Emirates
100%
uUnited Kingdom
100%
aAlbania
94%
aAngola
94%
aAzerbaijan
94%
iIreland
94%
oOman
94%
uUnited States of America
94%
aAntigua and Barbuda
89%
aArmenia
89%
eEstonia
89%
aAndorra
83%
aArgentina
83%
aAustralia
83%
iIndonesia
83%
uUruguay
83%
uUzbekistan
83%
aAfghanistan
78%
aAlgeria
78%
aAustria
78%
eEl Salvador
78%
eEritrea
78%
eEswatini
78%
eEthiopia
78%
iIndia
78%
iIraq
78%
iIslamic Republic of Iran
78%
uUganda
78%
eEgypt
72%
iItaly
72%
eEcuador
67%
eEquatorial Guinea
67%
iIsrael
67%
uUkraine
67%

Score Distribution

Percentile by Number Answered

Percent of People with Each Score

Your Score History

You have not taken this quiz since the last reset